000 00358nam a2200133Ia 4500
005 20260328104308.0
008 260328s9999||||xx |||||||||||||| ||und||
100 _aBahamón, Alejandro
245 4 _aThe Magic of tents transforming Space /
_cAlejandro Bahamón
260 _bHarper Desing
300 _a174 p.
650 _aARQUITECTURA Y CLIMA
942 _cBK
999 _c10825
_d10825